Selection from Ghalib and Iqbal (Record no. 29075)

MARC details
000 -LEADER
fixed length control field 00268nam a2200109Ia 4500
082 ## - DEWEY DECIMAL CLASSIFICATION NUMBER
Classification number 82-1
Item number SUD
100 ## - MAIN ENTRY--AUTHOR NAME
Personal name Sud, K N
245 #0 - TITLE STATEMENT
Title Selection from Ghalib and Iqbal
260 ## - PUBLICATION, DISTRIBUTION, ETC. (IMPRINT)
Place of publication New Delhi
Name of publisher Sterling
Year of publication 1978
942 ## - ADDED ENTRY ELEMENTS (KOHA)
Koha item type Books
Holdings
Withdrawn status Lost status Damaged status Not for loan Home library Current library Date acquired Cost, normal purchase price Full call number Accession Number Koha item type
        RRII Library RRII Library 16/12/2021 5.00 82-1 SUD 09665 Books